000 00447nam a2200181Ia 4500
005 20250603144742.0
008 250603s9999 xx 000 0 und d
050 _aKP 93 .J6/
100 _aJones, Jeffrey Richard
245 0 _aCriminal procedure code in the northern states of Nigeria
250 _a2nd ed.
260 _aZaria
260 _bGaskiya Corporation Ltd
260 _c1987
300 _a347 p
650 _aZaria
942 _cBK
999 _c39846
_d39846